000
00297nam a2200121Ia 4500
100
_a
Nefedov/N/ Osipov/K
942
_c
BK
654
_a
metal cutting
245
_a
Typical examples and problems in Metal cutting and tool design
260
_b
#N/A
082
_a
671.53/NEF
_b
NEF
546
_a
ENGLISH
999
_c
34112
_d
34112